000 00473nam a2200157 i 4500
001 95099
003 ES-MaACL
005 20230906181632.0
007 t|
008 050523s1945 sp ||||1| spa d
100 1 _aLuis, Rafael de.
_974685
245 1 3 _aEl Vaticano
_b: cátedra de paz. (La acción internacional de la Santa Sede) /
_cRafael de Luis.
260 _aMadrid :
_bEditorial Tibo,
_c1945.
300 _a364 p. ;
_c20 cm.
852 _aES-MaACL
_jF-12506
_bR.21659
999 _c95099
_d95099